| 000 | 01874nam a22003497a 4500 | ||
|---|---|---|---|
| 003 | OSt | ||
| 005 | 20260416144941.0 | ||
| 008 | 260413t2019 xxu||||| |||| 00| 0 spa d | ||
| 020 | _a9789585441729 | ||
| 020 | _a9789585441712 | ||
| 040 |
_aUnicoc _bspa _c00001 _d00001 |
||
| 082 | _a347.0504 | ||
| 100 |
_912927 _aGarcía Villegas, Mauricio |
||
| 245 |
_aLa profesión jurídica en Colombia _b: falta de reglas y exceso de mercado _c/ Mauricio García Villegas, María Adelaida Ceballos Bedoya |
||
| 250 | _a1 Ed. | ||
| 260 |
_aBogotá : _bDejusticia , _c2019 |
||
| 300 |
_a256 páginas _bTablas, gráficas, diagramas |
||
| 440 |
_912926 _aColección de justicia |
||
| 500 | _aIncluye referencias bibliográficas | ||
| 505 |
_tCapítulo 1. Visión comparada: Alemania y México, dos casos puestos de educación y regulación profesional. -- _tCapítulo 2. Los pregrados. -- _tCapítulo 3. Los posgrados. -- _tCapítulo 4. Controles a la profesión jurídica. -- _tCapítulo 5. Rama judicial. -- _tCapítulo 5. Rama ejecutiva. -- _tCapítulo 7. Organismos de control. -- _tCapítulo 8. Rama legislativa. -- _tCapítulo 9. Ejercicio privado o particular de la profesión. -- _tConclusines: Una profesión desregulada y moldeada por el mercado. |
||
| 526 | _5Unicoc | ||
| 546 | _aEspañol | ||
| 650 | 0 |
_912929 _aProfesión jurídica |
|
| 650 | 0 |
_912930 _aEducación jurídica |
|
| 650 | 0 |
_95462 _aAbogados _zColombia |
|
| 650 | 0 |
_912062 _aEjercicio de la abogacía _xSociología de la profesión |
|
| 650 | 0 |
_95462 _aAbogados _xAspectos profesionales |
|
| 658 | 0 |
_98008 _aPrograma de Derecho |
|
| 700 |
_912928 _aCeballos Bedoya, Maria Adelaida |
||
| 856 |
_yAcceso online exclusivo para comunidad Unicoc. _uhttps://unicoceduco-my.sharepoint.com/:b:/g/personal/direccionbiblioteca_unicoc_edu_co/IQDecf2ypRudQIh9hGT1HaLgAa8Kcq1Bjtr9QpyUzsHyEJo |
||
| 942 |
_2ddc _cEBOOK |
||
| 999 |
_c10840 _d10840 |
||